000 00353nam a22001337a 4500
008 181210b xxu||||| |||| 00| 0 eng d
020 _a0471372447
041 _aeng
080 _a510
100 _a38
101 _aMAT
245 _aFure Aoolied Mathematics A Wiley Intersciences Series Texts Monographcs Tracts
_cPeter. H
942 _2udc
_cBK
999 _c53098
_d53098